000 00303nam a22001337a 4500
008 170127b xxu||||| |||| 00| 0 eng d
020 _a9780802842046
041 _aeng
080 _a61
100 _a3
101 _aSHM
245 _aACTIVE EUTHANASIA ANDHEALTH CARE REFORM
_cMAY, W.F
942 _2udc
_cBK
999 _c3924
_d3924